00760 2200181 4500245003300000020002200033250001100055100001800066650001700084650001200101005001900113260004200132041001400174084000800188300002300196500035000219336000900569 aThalitacStephanie ZenhText a978-979-22-4952-1 aCet. 1 aStephanie Zen aNovel Remaja aTeenlit a20240126140531 aJakartabGramedia Pustaka Utamac2009 aIndonesia a813 a272 hlm. :c20 cm. aThalita baru saja masuk SMA, dan ortunya nggak mengizinkan dia masuk ke SMA tempat Andra, mantannya, bersekolah. itu karena Andra, junkie, dan ortu Thalita nggak mau ambil risiko anaknya sama Andra, tapi ia kecewa lantaran Andra nggak mau menuruti permintaannya untuk ikut rehab. Ia akhirnya memutuskan Andra dan masuk SMA yang ditunjuk ortunya. atext